Państwa z najmniejszą gęstością zaludnienia - Statystyki

Ogólne statystyki
  • Ten quiz został rozwiązany 156 razy
  • Średni wynik to 7 z 15
Statystyki odpowiedzi
# Gęstość zal. na km2 Państwo % Poprawnych
10. 3,3 Kanada
92%
1. 1,7 Mongolia
86%
3. 2,6 Australia
78%
13. 6,1 Kazachstan
73%
6. 2,7 Islandia
57%
8. 3,1 Libia
54%
14. 7,2 Czad
52%
7. 2,8 Mauretania
42%
2. 2,3 Namibia
40%
4. 2,6 Botswana
31%
15. 7,8 Boliwia
27%
12. 5,9 Republika Środkowoafrykańska
23%
9. 3,3 Gujana
19%
5. 2,7 Surinam
19%
11. 4,9 Gabon
12%
Nie znaleziono quizów pasujących do podanych kryteriów
Rozkład punktacji
Procent ludzi z każdym wynikiem
Percentyl według liczby udzielonych odpowiedzi
Twoja historia wyników
Nie rozwiązałeś tego quizu